|
|
|
|
| LEADER |
00715cam a2200193 7i4500 |
| 001 |
0000024934 |
| 005 |
20170608090000.0 |
| 008 |
081119 eng |
| 020 |
|
|
|a 9780415443050 (pbk.)
|
| 090 |
0 |
0 |
|a LC5215
|b .L54 2008
|
| 245 |
0 |
0 |
|a Lifelong learning :
|b concepts and contexts
|c edited by Peter Sutherland and Jim Crowther.
|
| 260 |
|
|
|a New York:
|b Routledge,
|c 2008.
|
| 300 |
|
|
|a xv, 247 p.:
|b ill.;
|c 24 cm.
|
| 504 |
|
|
|a Includes bibliographical references and index
|
| 650 |
0 |
0 |
|a Continuing education
|
| 700 |
1 |
|
|a Sutherland, Peter
|
| 700 |
1 |
|
|a Crowther, Jim
|
| 997 |
|
|
|a Education & Social Sciences, Faculty
|b Education, Department
|
| 999 |
|
|
|a 0000032320
|b BOK
|c OPEN SHELF
|e 1st Floor, Bestari Jaya
|